| 000 | 00460nam a2200169Ia 4500 | ||
|---|---|---|---|
| 008 | 221030s9999 xx 000 0 und d | ||
| 020 | _a0074631133 | ||
| 041 | _aEnglish | ||
| 082 | _a105.23 | ||
| 100 | _aJ. P. Tremblay | ||
| 245 | 0 |
_aDiscrete Mathematical Structures with Applicaitons to Computer Science _cby J. P. Tremblay, R. Manohar |
|
| 260 |
_bTMH _aNew Delhi _c2009 |
||
| 300 | _a606 | ||
| 650 | _aMCA Maths | ||
| 700 | _aR. Manohar | ||
| 942 | _cBK | ||
| 999 |
_c10197 _d10197 |
||